00885nam a22001815i 4500001000700000003000900007005001700016008004100033040002000074100003800094245012400132260005900256300002000315596004400335852018200379999001900561952012300580162143ES-MaACL20250930063142.0041102s1848 sp |||| | spa d aCAM bspa cCAM0 aPina, Mariano, d1820-188399206610aEmbajador y hechicero b: comedia de magia en tres actos y en verso / coriginal en la parte literaria de Mariano Pina. aGranada : b[s.n., c1848?.] (fImprenta de Benavides) a93 p. ; c19 p. aEl Palau fecha la obra en 1848 (226102) aES-MaACLjF-8584(8) z-- Enc. pasta española q-- Falto de la cub. originalz-- Enc. en un vol. facticio formando parte de la col. facticia "Teatro español moderno", vol. 37 c162143d162143 001040708LIBXIXaATENEOMbATENEOMcSPP2d2008-01-17l0oF-8584(8)p1169863r2023-02-23 00:00:00w2023-02-23yMONANT